00581 2200229 4500001002100000005001500021035002000036007000300056008004100059020002200100082000800122084001400130100001200144245005500156250001000211260003600221300002300257650002800280700002100308990001100329990001100340INLIS00000000000394520190820084105 a0010-0819000088ta190820 g 1 ind  a978-602-391-118-9 a813 a813 DAN a0 aDANARTO1 aAsmaraloka /cDanarto; penyunting, Joni Ariadinata acet.1 aYogyakarta :bDiva Press,c2016 a359 hlm. ;c20 cm. 4aNOVEL. SASTRA INDONESIA0 aJONI, Ariadinata a5437 a a5437 b